| 000 | 00827nam a22001937a 4500 | ||
|---|---|---|---|
| 999 |
_c12811 _d12811 |
||
| 003 | AR-CdUCM | ||
| 008 | 190410b ||||| |||| 00| 0 spa d | ||
| 040 |
_aMUNICIPALIDAD PROVINCIAL DEL CUSCO _cBIBLIOTECA MUNICIPAL DEL CUSCO |
||
| 082 |
_22ed. _a348.8 / _bA58 |
||
| 100 |
_aAngulo A. Jorge M. _930887 |
||
| 245 | _aEl procedimiento del trabajo en el Perú / | ||
| 260 |
_aTrujillo : _bGráfica Trujillo, |
||
| 300 |
_a360 páginas _c24 cm. |
||
| 505 | _aContenido :El derecho procesal del trabajo -- El procedimiento del trabajo en el Perú -- El procedimiento en los juzgados de trabajo -- El procedimiento en accidentes de trabajo -- El procedimiento en el fuero administrativo ... | ||
| 650 |
_aConstitución política del Perú _928715 |
||
| 650 |
_aDerecho internacional _95497 |
||
| 942 |
_2ddc _cLIBROS |
||
| 945 | _arum | ||